• 首页
  • 本馆介绍
  • 公告通知
  • 最新文献
  • 馆藏检索
  • 电子资源
  • 读者导购
  • 参考咨询
  • 我的图书馆
  • 登录
  • 详细信息显示
  • 放入我的书架
  • 预约/预借图书
  • 作者相关作品
  • 分类相关作品
  • 丛书相关作品
  • 出版社相关作品

书目信息

  • 表格格式
  • 工作单格式
  • 卡片格式
题名:
郭沫若著译书目
    
 
作者: ;上海图书馆 编
分册:  
出版信息: 上海   上海文艺出版社  1980
页数: 182页
开本: 21cm
丛书名: 中国现代文学史资料丛书(甲种)
单 册:
中图分类: Z862.7
科图分类:
主题词: 书名目录-个人著作-郭沫若 , 个人著作-郭沫若-书名目录
电子资源:
ISBN:
000 00840nam2 2200277 45
001 0180003939
005 20070730153620.54
010    @dCNY0.65
091    @a10078.3108
100    @a19950224d1980 em y0chiy0121 ea
101 0  @achi
102    @aCN@b310000
105    @ac b 000yy
200 10 @a郭沫若著译书目@Aguo mo ruo zhu yi shu mu@f上海图书馆编@Fshang hai tu shu guan bian
210    @a上海@c上海文艺出版社@d1980
215    @a182页@c照片@d21cm
225 2  @a中国现代文学史资料丛书(甲种)
410  0 @120010@a中国现代文学史资料丛书(甲种)
600  0 @a郭沫若@x个人著作@x书名目录
606    @a书名目录-个人著作-郭沫若
606    @a个人著作-郭沫若-书名目录
690    @aZ862.7@v3
711 02 @a上海图书馆@Ashang hai tu shu guan@4编
801  0 @aCN@b上海图书馆@c20070730
801  2 @aCN@bNLC@c20060607
905    @dZ862.7@e45
    
    郭沫若著译书目/上海图书馆编.-上海:上海文艺出版社,1980
    182页:照片;21cm.-(中国现代文学史资料丛书(甲种))
    
    
    ISBN :CNY0.65
    
●
相关链接 在E读中查询图书 在五车中查询图书 在当当中查询图书 在豆瓣中查询图书


正题名:郭沫若著译书目     索取号:Z862.7/45         预约/预借

序号 登录号 条形码 馆藏地/架位号 状态 备注
1 0215216   001213877   第三借阅区/ [索取号:Z862.7/45] 在馆    
2 0215217   001213886   密集书库/ [索取号:Z862.7/45] 在馆    
3 0215218   001213822   密集书库/ [索取号:Z862.7/45] 在馆    
4 0215219   202125333   第二样本阅览室/ [索取号:Z862.7/45] 在馆    
5 0420988   204209882   密集书库/ [索取号:Z862.7/45] 在馆    
6 0420989   204209891   密集书库/ [索取号:Z862.7/45] 在馆    
7 0420990   204209908   密集书库/ [索取号:Z862.7/45] 在馆    
8 0787532   207875325   密集书库/ [索取号:Z862.7/45] 在馆    
唐山师范学院图书馆 欢迎您!
大连网信软件有限公司© 版权所有